LEADER 00904nam a2200253 a 4500 001 991001563249707536 008 020 $a8843026755 035 $ab13391860-39ule_inst 040 $aDip.to di Studi Storici$bita 082 0 $a291.9 100 1 $aKienzler, Klaus$0623485 245 10$aFondamentalismi religiosi :$bcristianesimo, ebraismo, islam /$cKlaus Kienzler 260 $aRoma :$bCarocci,$c2003 300 $a151 p. ;$c21 cm 440 0$aQuality paperbacks ;$v90 650 4$aFondamentalismo 650 $aMovimenti religiosi$ySec. 20. 907 $a.b13391860$b08-04-08$c04-04-06 912 $a991001563249707536 945 $aLE023 291.9 KIE 1 1$g1$i2023000083734$lle023$o-$pE11.90$q-$rl$s- $t0$u1$v0$w1$x0$y.i14220246$z07-04-06 996 $aFondamentalismi religiosi$91090933 997 $aUNISALENTO 998 $ale023$b - - $cm$da $e-$fita$git $h0$i0 LEADER 03311nam 2200589 a 450 001 9910785304603321 005 20230725030535.0 010 $a1-282-97853-5 010 $a9786612978531 010 $a0-19-972087-8 035 $a(CKB)2670000000066018 035 $a(StDuBDS)AH24087236 035 $a(SSID)ssj0000471592 035 $a(PQKBManifestationID)12124132 035 $a(PQKBTitleCode)TC0000471592 035 $a(PQKBWorkID)10417292 035 $a(PQKB)11740369 035 $a(MiAaPQ)EBC3053974 035 $a(Au-PeEL)EBL3053974 035 $a(CaPaEBR)ebr10440544 035 $a(CaONFJC)MIL297853 035 $a(OCoLC)701921179 035 $a(EXLCZ)992670000000066018 100 $a20100331d2011 uy 0 101 0 $aeng 135 $aur||||||||||| 181 $ctxt 182 $cc 183 $acr 200 10$aNausea$b[electronic resource] $emechanisms and management /$fRobert M. Stern, Kenneth L. Koch, and Paul L.R. Andrews 210 $aNew York $cOxford University Press$d2011 215 $a1 online resource (viii, 462 p. ) $cill 300 $aFormerly CIP.$5Uk 311 $a0-19-517815-7 320 $aIncludes bibliographical references and indexes. 327 $aNausea : definitions, history, and function -- Prevalence of nausea from various causes -- Nausea as a protective control mechanism with a dynamic threshold -- The central nervous system and nausea -- The autonomic nervous system and nausea -- The endocrine system and nausea -- Gastric dysrhythmias and nausea -- The functions, identification, and measurement of nausea and related behaviours in animals -- The measurement of nausea in humans -- Diagnosis and management of acute and chronic nausea -- Nausea of diabetes -- Nausea during pregnancy -- Postoperative nausea -- Nausea resulting from cancer and its treatment -- Nausea of motion sickness -- Future research : management and mechanisms. 330 8 $aNausea is a complex sensation that results from the interaction of certain fixed biological factors, such as gender, with changeable psychological factors, such as anxiety. This book provides a complete, in-depth explanation of what we know about nausea, along with the latest research results on its causes and treatment.$bNausea is a complex sensation that results from the interaction of certain fixed biological factors, such as gender, with changeable psychological factors, such as anxiety. This is the first book to provide a complete, in-depth explanation of what we know about nausea, along with the latest research results on its causes and treatment. As it is the product of long-term collaboration between scientists from the three main approaches to studying and treating nausea-psychology,gastroenterology and physiology-the information this book provides in both comprehensive and well integrated. 606 $aNausea 606 $aNausea$xTreatment 615 0$aNausea. 615 0$aNausea$xTreatment. 676 $a616/.047 700 $aStern$b Robert Morris$f1937-$01090712 701 $aKoch$b Kenneth L$01090713 701 $aAndrews$b P. L. R$g(Paul L. R.)$01467933 801 0$bMiAaPQ 801 1$bMiAaPQ 801 2$bMiAaPQ 906 $aBOOK 912 $a9910785304603321 996 $aNausea$93678829 997 $aUNINA